000 01454nam0a2200349 4500
001 RU\NLR\bibl\1514194
005 20260405124143.0
010 _a978-5-89353-316-3
_9300
021 _aRU
_b2010-26773
_91802
035 _a(nilc)RSL-KNO-004629897
035 _a(NLR Aleph) 001505579
090 _a47635
_c47635
100 _a20100412d2009 |||y0rusy50 ca
101 0 _arus
102 _aRU
105 _ay zzzz|||||
200 1 _aЧто такое общество знаний?
_fИ. Ю. Алексеева
_gУчреждение Российской акад. наук, Ин-т философии
210 _aМосква
_cКогито-Центр
_d2009
215 _a94, [1] с.
_d21
320 _aБиблиогр. в подстроч. прим.
606 1 _aНаучное знание
_xСоциологические исследования
_92198820
_3RU\NLR\auth\661321404
610 0 _aСоциально-философская и общесоциологическая теория
610 0 _aобщество знаний
686 _aС508,0
_2rubbk
686 _aС550.560
700 1 _4070
_8rus
_7ca
_aАлексеева
_bИ. Ю.
_cд-р филос. наук, информ. технологии
_f1956-
_gИрина Юрьевна
_3RU\NLR\AUTH\7749655
_932590
801 0 _aRU
_bРГБ
_c20100412
_grcr
801 1 _aRU
_bРГБ
_c20100412
801 2 _aRU
_bNLR
_c20100521
_grcr
942 _cBOOK
980 _aNB